Intenzivní péče pro sestry : učebnice pro každodenní praxi a přípravu na ARIP

Saved in:
Bibliographic Details
Main Authors Duška, František, 1976- (Author), Línková, Šárka, 1983- (Author), Rambousková, Kateřina (Author), Zvoníčková, Marie (Author)
Format Book
LanguageCzech
Published Praha : Maxdorf, [2025]
SeriesJessenius
Subjects
ISBN978-80-7345-840-9
Physical Description979 stran : ilustrace (převážně barevné) ; 22 cm

Cover

LEADER 00000nam a2200000 i 4500
001 115622
003 CZ ZlUTB
005 20260507101349.0
007 ta
008 260325t20252025xr a e p 001 0 cze
015 |a cnb003747082 
020 |a 978-80-7345-840-9  |q (vázáno) :  |c Kč 1495,00 
040 |a OLA001  |b cze  |e rda 
072 7 |a 616  |x Patologie. Klinická medicína  |2 Konspekt  |9 14 
072 7 |a 37.016  |x Učební osnovy. Vyučovací předměty. Učebnice  |2 Konspekt  |9 22 
080 |a 616-083.98  |2 MRF 
080 |a 616-083  |2 MRF 
080 |a (075)  |2 MRF 
100 1 |a Duška, František,  |d 1976-  |7 mzk2007386027  |4 aut 
245 1 0 |a Intenzivní péče pro sestry :  |b učebnice pro každodenní praxi a přípravu na ARIP /  |c František Duška, Šárka Línková, Kateřina Rambousková, Marie Zvoníčková a kolektiv 
264 1 |a Praha :  |b Maxdorf,  |c [2025] 
264 4 |c ©2025 
300 |a 979 stran :  |b ilustrace (převážně barevné) ;  |c 22 cm 
336 |a text  |b txt  |2 rdacontent 
337 |a bez média  |b n  |2 rdamedia 
338 |a svazek  |b nc  |2 rdacarrier 
490 1 |a Jessenius 
500 |a Obsahuje QR kódy s přístupem k rozšiřujícím materiálům 
504 |a Obsahuje bibliografie a rejstřík 
650 0 7 |a intenzivní péče  |7 ph123227  |2 czenas 
650 0 7 |a ošetřovatelství  |7 ph123893  |2 czenas 
650 0 9 |a intensive care  |2 eczenas 
650 0 9 |a nursing  |2 eczenas 
655 7 |a učebnice  |7 fd133770  |2 czenas 
655 9 |a textbooks  |2 eczenas 
700 1 |a Línková, Šárka,  |d 1983-  |7 xx0269198  |4 aut 
700 1 |a Rambousková, Kateřina  |7 xx0269297  |4 aut 
700 1 |a Zvoníčková, Marie  |7 jcu2010616690  |4 aut 
710 2 |a Maxdorf (nakladatelství)  |7 xx0135879  |4 pbl 
830 0 |a Jessenius 
910 |a ZLD002 
942 |2 udc 
952 |0 0  |1 0  |4 0  |6 616DUŠKAF  |7 0  |8 BOOK  |9 191060  |a UTBZL  |b UTBZL  |c 005  |d 2026-05-07  |l 0  |o 616/DUŠKA,F.  |p 420010201818  |r 2026-05-07 10:14:57  |v 1495.00  |w 2026-05-07  |x N:nákup  |y 01 
992 |a BK  |b SKNEW 
999 |c 115622  |d 115622